<?xml version="1.0" encoding="UTF-8"?>
<record
    xmlns:xsi="http://www.w3.org/2001/XMLSchema-instance"
    xsi:schemaLocation="http://www.loc.gov/MARC21/slim http://www.loc.gov/standards/marcxml/schema/MARC21slim.xsd"
    xmlns="http://www.loc.gov/MARC21/slim">

  <leader>01091nam a22001817a 4500</leader>
  <controlfield tag="003">OSt</controlfield>
  <controlfield tag="005">20240416091709.0</controlfield>
  <controlfield tag="008">230828s2022    ag ||||| ||||f00| 0 spa d</controlfield>
  <datafield tag="040" ind1=" " ind2=" ">
    <subfield code="b">spa</subfield>
    <subfield code="c">besoc</subfield>
  </datafield>
  <datafield tag="245" ind1="0" ind2="0">
    <subfield code="a">Educaci&#xF3;n ambiental integral :</subfield>
    <subfield code="b">documento marco</subfield>
  </datafield>
  <datafield tag="260" ind1=" " ind2=" ">
    <subfield code="a">Buenos Aires :</subfield>
    <subfield code="b">Ministerio de Educaci&#xF3;n de la Naci&#xF3;n,</subfield>
    <subfield code="c">2022</subfield>
  </datafield>
  <datafield tag="300" ind1=" " ind2=" ">
    <subfield code="a">34 p.</subfield>
  </datafield>
  <datafield tag="490" ind1="0" ind2=" ">
    <subfield code="a">La educaci&#xF3;n, nuestra bandera</subfield>
  </datafield>
  <datafield tag="505" ind1="0" ind2=" ">
    <subfield code="a">Introducci&#xF3;n -- Educaci&#xF3;n Ambiental Integral como pol&#xED;tica educativa -- La Educaci&#xF3;n Ambiental Integral como desaf&#xED;o pedag&#xF3;gico y curricular -- Ejes transversales de la Educaci&#xF3;n Ambiental Integral, orientaciones para su implementaci&#xF3;n en las escuelas: reconocer la complejidad del ambiente, analizar los problemas ambientales, ejercer nuestros derechos, generar un di&#xE1;logo de saberes, cuidar el ambiente y la sustentabilidad de la vida -- Referencias bibliogr&#xE1;ficas -- Documentos y materiales ministeriales -- Marco normativo.-</subfield>
  </datafield>
  <datafield tag="650" ind1=" " ind2="4">
    <subfield code="a">Educaci&#xF3;n</subfield>
    <subfield code="x">Problem&#xE1;ticas ambientales</subfield>
  </datafield>
  <datafield tag="710" ind1=" " ind2=" ">
    <subfield code="a">Argentina.</subfield>
    <subfield code="b">Ministerio de Educaci&#xF3;n de la Naci&#xF3;n</subfield>
  </datafield>
  <datafield tag="942" ind1=" " ind2=" ">
    <subfield code="2">udc</subfield>
    <subfield code="c">LPD</subfield>
    <subfield code="n">0</subfield>
  </datafield>
  <datafield tag="999" ind1=" " ind2=" ">
    <subfield code="c">50</subfield>
    <subfield code="d">50</subfield>
  </datafield>
  <datafield tag="952" ind1=" " ind2=" ">
    <subfield code="0">0</subfield>
    <subfield code="1">0</subfield>
    <subfield code="2">udc</subfield>
    <subfield code="4">0</subfield>
    <subfield code="7">0</subfield>
    <subfield code="8">CG</subfield>
    <subfield code="a">ESOCIALES</subfield>
    <subfield code="b">ESOCIALES</subfield>
    <subfield code="d">2023-08-30</subfield>
    <subfield code="l">0</subfield>
    <subfield code="o">502.1:37 ED24</subfield>
    <subfield code="p">000830</subfield>
    <subfield code="r">2023-08-30 00:00:00</subfield>
    <subfield code="w">2023-08-30</subfield>
    <subfield code="y">LPD</subfield>
  </datafield>
</record>
